| 000 | 00463cam a2200169 a 4500 | ||
|---|---|---|---|
| 020 | _a0899309151 (alk. paper) | ||
| 040 | _cDLC | ||
| 082 | 0 | 0 | _a001 QUO 1995 A005 Or. |
| 100 | 1 | _aBess, James L. | |
| 245 | 1 | 0 |
_aCreative R & D leadership : _binsights from Japan / |
| 260 |
_aWestport, Conn. : _bQuorum Books, _c1995. |
||
| 300 |
_axix, 359 p. ; _c25 cm. |
||
| 650 | 0 | _aResearch | |
| 650 | 0 | _aResearch, Industrial | |
| 650 | 0 | _aScience and industry | |
| 942 | _cEK | ||
| 999 |
_c12949 _d12949 |
||